00541nam a22001817a 450000500170000001000140001702000260003102000230005703500130008003700130009308200080010610000160011424501020013025000110023226000380024327000430028130000350032420100806143944.0 aENG-98613 a9780070699427c185.00 a0070699429c185.00 aEN-82146 bDBAD/PUB a650 aGupta, C.B. aBusiness studies for class XI :baccording to the new CBSE syllabus for class XI /cby C.B. Gupta a8th ed aNew DelhibTata McGraw-Hillc2010 a7 west Patel Nagar,bNew Delhie110008 axxxi, 379p.:bill.c25cm (pbk)